LEADER 01179nam a2200253 4500 001 000000331724 003 CaOOAMICUS 005 20181217102421.0 008 181214s2008 xxu 000 u eng r 020 $a978-0-8264-2896-7 040 $aSeMil$bita 100 1 $aHeit, Jamey.$0(OLS)http://semarc/name/108701 245 14$aThe Springfield reformation :$bthe Simpsons, christianity, and American culture /$cJamey Heit. 264 1$aNew York :$bContinuum,$c2008. 300 $a198 p. ;$c22 cm 650 4$aTelevisione - Aspetti religiosi - Stati Uniti.$0(OLS)http://semarc/subject/47992 650 4$aThe Simpsons - Serie televisiva.$0(OLS)http://semarc/subject/47991 650 4$aThe Simpsons - Motivi cristiani.$0(OLS)http://semarc/subject/47990 850 $aSeMil 852 $aSeMil$W1$xVenegono$y1$m3M VI 182$j211137$B223755$CSeMilBibl$Z2$F223755 $81 996 $6020$a978-0-8264-2896-7$9(OLS)http://semarc/number/285932 996 $6245$aThe Springfield reformation :$bthe Simpsons, christianity, and American culture$9(OLS)http://semarc/title/420441 996 $6264$aNew York :$bContinuum$9(OLS)http://semarc/publisher/45170 LEADER 00990nam a2200217 i 4500 001 000000195233 003 CaOOAMICUS 005 20101206000000.0 008 101206s2002 it u000 u ita u 013 $a173899 040 $aSeMil$bita 100 1 $aGiuliani, Luigi.$0(OLS)http://semarc/name/29283 245 12$aL'apostolato sociale di don Luigi Sturzo come via alla santità /$cMons. Luigi Giuliani. 260 $aRoma :$bCentro Internazionale Studi Luigi Sturzo,$c2002. 300 $a22 p. :$bill. ;$c24 cm. 650 4$aSturzo, Luigi - Pensiero sociale.$0(OLS)http://semarc/subject/19642 850 $aSeMil 852 $aSeMil$W1$xVenegono$y1$m5A XII 8/13$j145802$B145802$CSeMilBibl$Z2$F157344 $81 961 $aOmaggio: Giudici Ecc. Giovanni 996 $6245$aL'apostolato sociale di don Luigi Sturzo come via alla santità$9(OLS)http://semarc/title/281628 996 $6260$aRoma :$bCentro Internazionale Studi Luigi Sturzo$9(OLS)http://semarc/publisher/50724